1518 1485 1976 1108 1623 1179 1673 1206 1972 1665 1810 1995 1668 1360 1063 1458 1278 1248 2000 1564 1726 1696 1913 1498 1328 1647 1361 1843 1603 1683 1948 1248 1083 1479 1854 1706 1786 1978 1302 1583 1639 1769 1872 1028 1814 1141 1852 1987 1886 1018 1507 1317 1124 1991 1770 1057 1803 1408 1437 1148 1147 1011 1679 1935 1464 1302 1676 1263 1914 1227 1828 1092 1110 1304 1937 1798 1743 1083 1808 1986 1970 1242 1907 1446 1760 1504 1958 1217 1096 1615 1975 1118 1222 1138 1218 1300 1411 1835 1047 BCNSPRNW ULIB Ver.6.0+V

เปลี่ยนเป็นภาษาไทย

Change to English
 แสดงรายละเอียดบรรณานุกรม
  กลับหน้าหลัก

Brief Record : Get Marc (ISO 2709) : E-mail record : QR code < ปิดหน้าต่าง
LEADER : 00000nam 2200000uu 4500
001    13399111559
003     ULIB
008    110701s||||||||th 000 0 tha d
050  4 BQ4570^bพ358ค 2549
100 0  พระมหาทองมั่น สุทฺธจิตฺโต
245 10 คู่มือการเจริญสติปัฏฐาน 4 /^cพระมหาทองมั่น สุทฺธจิตฺโต
250    พิมพ์ครั้งที่ 9
260    เชียงใหม่ :^bศูนย์ปฏิบัติธรรม ตาณัง เลณัง เฉลิมราช 60 ปี,^c2549
300    152 หน้า :^bภาพประกอบ ;^c21 ซม.
710 2  ศูนย์ปฏิบัติธรรม ตาณัง เลณัง เฉลิมราช 60 ปี
945    ^p0^l0^i025134
995    ทศพร
999 ^a ใช้งานได้ทุกระบบ
รายการนี้ยังไม่มีแท็ก
คุณยังไม่ได้ล็อกอิน คุณสามารถมีกิจกรรมร่วมกับเว็บไซต์ได้ แต่ต้องล็อกอินก่อน ::
  ล็อกอิน

รายการสื่อสารสนเทศ

ลำดับที่ ประเภท เลขเรียก/บาร์โค้ด สถานที่ สถานะ
- ไม่พบข้อมูล -

BibComment


ยังไม่เคยถูกคอมเมนท์

คอมเมนท์ทรัพยากรรายการนี้
  คอมเมนท์: คู่มือการเจริญสติ..


 Copyright 2026. Bcnsprnw @Library